MARC details
| 000 -LEADER |
| fixed length control field |
01007nam a2200253 a 4500 |
| 008 - FIXED-LENGTH DATA ELEMENTS--GENERAL INFORMATION |
| fixed length control field |
070820s1994 ||||||||||||||||| || u |
| 020 ## - INTERNATIONAL STANDARD BOOK NUMBER |
| International Standard Book Number |
0821330829 |
| 050 ## - LIBRARY OF CONGRESS CALL NUMBER |
| Classification number |
IBRD(02) |
| 100 ## - MAIN ENTRY--PERSONAL NAME |
| Personal name |
Wallich, Christine |
| 245 14 - TITLE STATEMENT |
| Title |
The transition in Central and Eastern Europe and the Former Soviet Union |
| Statement of responsibility, etc. |
By Kemal Dervis, Marcelo Selowsky, and Christine Wallich |
| 260 ## - PUBLICATION, DISTRIBUTION, ETC. |
| Place of publication, distribution, etc. |
Washington, D.C. |
| Name of publisher, distributor, etc. |
World Bank |
| Date of publication, distribution, etc. |
1994 |
| 300 ## - PHYSICAL DESCRIPTION |
| Extent |
37p. |
| 350 ## - PRICE (NR) (BK AM CF MU VM SE) [OBSOLETE] |
| Price |
0.00 |
| 490 ## - SERIES STATEMENT |
| Series statement |
Evolving Role of the World Bank |
| 650 ## - SUBJECT ADDED ENTRY--TOPICAL TERM |
| Topical term or geographic name entry element |
EUROPE, CENTRAL--ECONOMIC CONDITIONS |
| 650 ## - SUBJECT ADDED ENTRY--TOPICAL TERM |
| Topical term or geographic name entry element |
EUROPE, CENTRAL--ECONOMIC POLICY |
| 650 ## - SUBJECT ADDED ENTRY--TOPICAL TERM |
| Topical term or geographic name entry element |
EUROPE, EASTERN--ECONOMIC CONDITIONS |
| 650 ## - SUBJECT ADDED ENTRY--TOPICAL TERM |
| Topical term or geographic name entry element |
FORMER SOVIET REPUBLICS--ECONOMIC INTEGRATION |
| 650 ## - SUBJECT ADDED ENTRY--TOPICAL TERM |
| Topical term or geographic name entry element |
EUROPE, EASTERN--ECONOMIC POLICY |
| 700 ## - ADDED ENTRY--PERSONAL NAME |
| Personal name |
Selowsky, Marcelo |
| 700 ## - ADDED ENTRY--PERSONAL NAME |
| Personal name |
Dervis, Kemal |
| 710 ## - ADDED ENTRY--CORPORATE NAME |
| Corporate name or jurisdiction name as entry element |
World Bank |
| 995 ## - RECOMMENDATION 995 [LOCAL, UNIMARC FRANCE] |
| -- |
0.00 |
| -- |
CBU-MAIN LIBRARY (Kitwe) |
| -- |
1 |
| -- |
0.00 |
| -- |
1 |
| -- |
AVAILABLE |
| -- |
Aug 20, 2007 |
| -- |
International Publications |